Booked / (Record no. 123888)
[ view plain ]
| 000 -LEADER | |
|---|---|
| fixed length control field | 01172cam a2200313 i 4500 |
| 001 - CONTROL NUMBER | |
| control field | 913923866 |
| 003 - CONTROL NUMBER IDENTIFIER | |
| control field | OCoLC |
| 005 - DATE AND TIME OF LATEST TRANSACTION | |
| control field | 20160920103403.0 |
| 008 - FIXED-LENGTH DATA ELEMENTS--GENERAL INFORMATION | |
| fixed length control field | 151231s2016 mau c 000 1 eng |
| 010 ## - LIBRARY OF CONGRESS CONTROL NUMBER | |
| LC control number | 2015033312 |
| 020 ## - INTERNATIONAL STANDARD BOOK NUMBER | |
| International Standard Book Number | 9780544570986 |
| Qualifying information | (hardback) |
| 020 ## - INTERNATIONAL STANDARD BOOK NUMBER | |
| International Standard Book Number | 0544570987 |
| Qualifying information | (hardback) |
| 035 ## - SYSTEM CONTROL NUMBER | |
| System control number | (OCoLC)913923866 |
| Canceled/invalid control number | (OCoLC)948211956 |
| 040 ## - CATALOGING SOURCE | |
| Original cataloging agency | DLC |
| Language of cataloging | eng |
| Description conventions | rda |
| Transcribing agency | DLC |
| Modifying agency | YDXCP |
| -- | BTCTA |
| -- | GK8 |
| -- | C9Z |
| -- | IK2 |
| -- | BKL |
| -- | NYP |
| -- | IHX |
| -- | EHH |
| -- | VP@ |
| -- | OCLCF |
| -- | ZGV |
| -- | OCLCQ |
| -- | OCLCO |
| -- | DAY |
| 042 ## - AUTHENTICATION CODE | |
| Authentication code | lcac |
| -- | pcc |
| 050 00 - LIBRARY OF CONGRESS CALL NUMBER | |
| Classification number | PZ7.5.A44 |
| Item number | Bo 2016 |
| 082 00 - DEWEY DECIMAL CLASSIFICATION NUMBER | |
| Classification number | [Fic] |
| Edition number | 23 |
| 100 1# - MAIN ENTRY--PERSONAL NAME | |
| Personal name | Alexander, Kwame, |
| Relator term | author. |
| 9 (RLIN) | 5114 |
| 245 10 - TITLE STATEMENT | |
| Title | Booked / |
| Statement of responsibility, etc | by Kwame Alexander. |
| 300 ## - PHYSICAL DESCRIPTION | |
| Extent | 314 pages ; |
| Dimensions | 22 cm |
| 520 ## - SUMMARY, ETC. | |
| Summary, etc | Twelve-year-old Nick loves soccer and hates books, but soon learns the power of words as he wrestles with problems at home, stands up to a bully, and tries to impress the girl of his dreams. |
| 650 #0 - SUBJECT ADDED ENTRY--TOPICAL TERM | |
| Topical term or geographic name as entry element | Soccer stories. |
| 9 (RLIN) | 8469 |
| 650 #0 - SUBJECT ADDED ENTRY--TOPICAL TERM | |
| Topical term or geographic name as entry element | Books |
| Form subdivision | Juvenile fiction. |
| 9 (RLIN) | 7273 |
| 650 #0 - SUBJECT ADDED ENTRY--TOPICAL TERM | |
| Topical term or geographic name as entry element | Reading |
| Form subdivision | Juvenile fiction. |
| 9 (RLIN) | 8470 |
| 650 #0 - SUBJECT ADDED ENTRY--TOPICAL TERM | |
| Topical term or geographic name as entry element | Self-esteem |
| Form subdivision | Juvenile fiction. |
| 9 (RLIN) | 427 |
| 655 #7 - INDEX TERM--GENRE/FORM | |
| Genre/form data or focus term | Fiction. |
| Source of term | fast |
| 9 (RLIN) | 996 |
| 655 #7 - INDEX TERM--GENRE/FORM | |
| Genre/form data or focus term | Juvenile works. |
| Source of term | fast |
| 9 (RLIN) | 1094 |
| 942 ## - ADDED ENTRY ELEMENTS (KOHA) | |
| Source of classification or shelving scheme | Dewey Decimal Classification |
| Koha item type | Book |
| Withdrawn status | Lost status | Source of classification or shelving scheme | Damaged status | Not for loan | Home library | Current library | Date acquired | Total Checkouts | Full call number | Barcode | Checked out | Date last seen | Date checked out | Cost, replacement price | Price effective from | Koha item type | Shelving location |
|---|---|---|---|---|---|---|---|---|---|---|---|---|---|---|---|---|---|
| Available | Dewey Decimal Classification | Martha's Vineyard High School Library | Martha's Vineyard High School Library | 09/20/2016 | 11 | FIC/ALEXANDER | 39844300024441 | 10/02/2023 | 09/11/2023 | 09/11/2023 | 17.00 | 09/20/2016 | Book | ||||
| Available | Dewey Decimal Classification | Martha's Vineyard High School Library | Martha's Vineyard High School Library | 10/20/2016 | 19 | FIC/ALEXANDER | 39844500040015 | 03/03/2026 | 02/05/2026 | 16.99 | 10/20/2016 | Book | SPORTS FICTION |
